Score 0/16 Timer 03:00
0 Plays Today
Question Answer Wrong Answers
Is on Mount Rushmore Theodore Roosevelt
88.9%
Chester A. Arthur
2%
Grover Cleveland
2.1%
William Howard Taft
1.1%
Was part of the Rough Riders Theodore Roosevelt
77%
Chester A. Arthur
6.2%
Grover Cleveland
5.3%
William Howard Taft
5.3%
Served nonconsecutive terms Grover Cleveland
69.6%
Chester A. Arthur
5.8%
Theodore Roosevelt
13.3%
William Howard Taft
5.1%
Was Chief Justice of the Supreme Court William Howard Taft
68.5%
Chester A. Arthur
10.3%
Grover Cleveland
10%
Theodore Roosevelt
4.8%
His birth name was Stephen Grover Cleveland
63.1%
Chester A. Arthur
13.9%
Theodore Roosevelt
10.6%
William Howard Taft
6.2%
Became president upon the death of James A. Garfield Chester A. Arthur
61.9%
Grover Cleveland
16.7%
Theodore Roosevelt
6.5%
William Howard Taft
8.8%
Ran as a Progressive Party candidate Theodore Roosevelt
57.4%
Chester A. Arthur
12.8%
Grover Cleveland
11.4%
William Howard Taft
12%
Served in the Civil War Chester A. Arthur
57.2%
Grover Cleveland
16%
Theodore Roosevelt
12.8%
William Howard Taft
7.8%
Lost the electoral college to Benjamin Harrison despite winning the popular vote Grover Cleveland
54.3%
Chester A. Arthur
20.6%
Theodore Roosevelt
6.9%
William Howard Taft
11.8%
Became president upon the death of William McKinley Theodore Roosevelt
51.4%
Chester A. Arthur
14.3%
Grover Cleveland
14.7%
William Howard Taft
13.3%
Served exactly one full term William Howard Taft
50.8%
Chester A. Arthur
24.9%
Grover Cleveland
8.4%
Theodore Roosevelt
9.8%
Became President in 1881 Chester A. Arthur
49.6%
Grover Cleveland
23.1%
Theodore Roosevelt
8.8%
William Howard Taft
11.9%
Never had a Vice President during his presidency Chester A. Arthur
47.9%
Grover Cleveland
11.8%
Theodore Roosevelt
23.4%
William Howard Taft
11.1%
Was a Democrat Grover Cleveland
41.8%
Chester A. Arthur
15%
Theodore Roosevelt
21.4%
William Howard Taft
15.4%
Was born in Ohio William Howard Taft
41.5%
Chester A. Arthur
14.6%
Grover Cleveland
30.4%
Theodore Roosevelt
7.4%
Was Provisional Governor of Cuba William Howard Taft
24.4%
Chester A. Arthur
10.4%
Grover Cleveland
11.2%
Theodore Roosevelt
47.7%

Today's Daily Dose

Remove Ads.
Support Sporcle.
Get the best of Sporcle when you Go Orange. This ad-free experience offers more features, more stats, and more fun while also helping to support Sporcle. Thank you for becoming a member.

You're not logged in!

Compare scores with friends on all Sporcle quizzes.
OR
Log In

Show Comments

Extras

Top Quizzes Today


Score Distribution

Your Account Isn't Verified!

In order to create a playlist on Sporcle, you need to verify the email address you used during registration. Go to your Sporcle Settings to finish the process.

Report this User

Report this user for behavior that violates our Community Guidelines.

Details: